000 00368nam a2200121Ia 4500
008 220204s9999 xx 000 0 und d
082 _a338.53:63(540)
_bASH
100 _aASHOK GULATI
245 0 _aAgricultural price policy in India: An econometric approach with special reference to wheat
260 _aNew Delhi
_c1987
650 _aAgricultural prices
942 _cBK
999 _c39936
_d39936